Lucha por la tierra y construcción de un pueblo en Pavones de Golfito /

Պահպանված է:
Մատենագիտական մանրամասներ
Հիմնական հեղինակ: Cordero Cordero, Teresita
Այլ հեղինակներ: Brenes Solórzano, Irene, Dobles Oropeza, Ignacio, Sáenz, Lorena
Ձևաչափ: Տեքստ
Հրապարակվել է: San José: UCR. FCS. IIP
Ցուցիչներ: Ավելացրեք ցուցիչ
Չկան պիտակներ, Եղեք առաջինը, ով նշում է այս գրառումը!

MARC

LEADER 00000 a a2200000 04500
001 12023
003
040
090 |a 141600  
100 |a Cordero Cordero, Teresita  
245 |a Lucha por la tierra y construcción de un pueblo en Pavones de Golfito /  |c Teresita Cordero Cordero 
260 |a San José:   |b UCR. FCS. IIP  
300 |a 46 p.  
300 |b il.  
700 |a Brenes Solórzano, Irene  
700 |a Dobles Oropeza, Ignacio  
700 |a Sáenz, Lorena  
999 |c 13897  |d 13897